B. Sc. physical chemistry pass book; (Record no. 329514)
[ view plain ]
| 000 -LEADER | |
|---|---|
| fixed length control field | 00856cam a2200217u 4500 |
| 001 - CONTROL NUMBER | |
| control field | 7038387 |
| 003 - CONTROL NUMBER IDENTIFIER | |
| control field | NUST |
| 005 - DATE AND TIME OF LATEST TRANSACTION | |
| control field | 20170511130111.0 |
| 008 - FIXED-LENGTH DATA ELEMENTS--GENERAL INFORMATION | |
| fixed length control field | 830630s1962 ii a 000 0 eng |
| 010 ## - LIBRARY OF CONGRESS CONTROL NUMBER | |
| LC control number | sa 63000024 |
| 040 ## - CATALOGING SOURCE | |
| Original cataloging agency | DLC |
| Transcribing agency | CarP |
| Modifying agency | DLC |
| 050 00 - LIBRARY OF CONGRESS CALL NUMBER | |
| Classification number | QD456 |
| Item number | .T8 1962 |
| 082 ## - DEWEY DECIMAL CLASSIFICATION NUMBER | |
| Classification number | 540 TUL |
| 100 1# - MAIN ENTRY--PERSONAL NAME | |
| Personal name | Tuli, Gopal Das, |
| 9 (RLIN) | 454 |
| 245 10 - TITLE STATEMENT | |
| Title | B. Sc. physical chemistry pass book; |
| Remainder of title | a complete and up-to-date guide in physical chemistry for B. Sc. students of Indian universities, |
| 250 ## - EDITION STATEMENT | |
| Edition statement | 13th ed. |
| 260 ## - PUBLICATION, DISTRIBUTION, ETC. | |
| Place of publication, distribution, etc. | Delhi, |
| Name of publisher, distributor, etc. | Premier Pub. Co., |
| Date of publication, distribution, etc. | 1991-92. |
| 300 ## - PHYSICAL DESCRIPTION | |
| Extent | 400p. |
| Other physical details | illus. |
| Dimensions | 21 cm. |
| 500 ## - GENERAL NOTE | |
| General note | P.B |
| 650 #0 - SUBJECT ADDED ENTRY--TOPICAL TERM | |
| Topical term or geographic name entry element | Chemistry, Physical and theoretical |
| Form subdivision | Problems, exercises, etc. |
| 9 (RLIN) | 455 |
| 700 1# - ADDED ENTRY--PERSONAL NAME | |
| Personal name | Soni, Patanjal Lal, [from old catalog] |
| Relator term | joint author. |
| 9 (RLIN) | 456 |
| 906 ## - LOCAL DATA ELEMENT F, LDF (RLIN) | |
| a | 0 |
| b | cbc |
| c | premunv |
| d | u |
| e | ncip |
| f | 19 |
| g | y-gencatlg |
| 942 ## - ADDED ENTRY ELEMENTS (KOHA) | |
| Source of classification or shelving scheme | |
| Koha item type | Book |
| Call number prefix | 540 TUL |
| Withdrawn status | Lost status | Source of classification or shelving scheme | Damaged status | Not for loan | Collection code | Permanent Location | Current Location | Shelving location | Date acquired | Total Checkouts | Full call number | Barcode | Date last seen | Price effective from | Koha item type |
|---|---|---|---|---|---|---|---|---|---|---|---|---|---|---|---|
| Institute of Environmental Science and Engineering (IESE) | Institute of Environmental Science and Engineering (IESE) | General Stacks | 05/11/2017 | 540 TUL | IESE-565 | 05/11/2017 | 05/11/2017 | Book |
